| 000 | 00841cam a22002297a 4500 | ||
|---|---|---|---|
| 020 | _a9789251068915 | ||
| 020 | _a9251068917 | ||
| 040 | _cBTCTA | ||
| 082 | _a333 FOO 2011 A016 Or. | ||
| 245 | 0 | 0 |
_aHighlands and drylands : _bmountains, a source of resilience in arid regions / |
| 260 |
_aRome : _bFood and Agriculture Organization of the United Nations ; _a[Bern] : _bCentre for Development and Environment of the University of Bern, _c2011. |
||
| 300 |
_a113 p. : _bcol. ill., col. maps ; _c30 cm. |
||
| 650 | 0 | _aArid regions ecology. | |
| 650 | 0 | _aMountain ecology. | |
| 650 | 0 | _aMountain watersheds. | |
| 650 | 0 | _aSustainable development. | |
| 700 | 1 | _aBerrahmouni, Nora. | |
| 700 | 1 | _aPajares, Pedro Regato. | |
| 710 | 2 | _aFood and Agriculture Organization of the United Nations. | |
| 710 | 2 | _aUniversität Bern. | |
| 942 | _cEK | ||
| 999 |
_c11607 _d11607 |
||